000 00359nam a2200133Ia 4500
008 151001s9999||||xx |||||||||||||| ||und||
100 _aप्रभाकर वैद्य
245 _aबाळमुठ
250 _a1
260 _bशलाका प्रकाशन मुंबई
260 _c1988
300 _a206
365 _b21
999 _c968006
_d968003